• 首页
  • 本馆介绍
  • 公告通知
  • 最新文献
  • 馆藏检索
  • 电子资源
  • 读者导购
  • 参考咨询
  • 我的图书馆
  • 登录
  • 详细信息显示
  • 放入我的书架
  • 预约/预借图书
  • 作者相关作品
  • 分类相关作品
  • 丛书相关作品
  • 出版社相关作品

书目信息

  • 表格格式
  • 工作单格式
  • 卡片格式
题名:
超级港口建成了
    
 
作者: ;张澎 绘 ;中交三航院 著
分册:  
出版信息: 北京   北京科学技术出版社  2018.10
页数: 37页
开本: 30cm
丛书名: 小贝壳绘本馆
单 册:
中图分类:
科图分类:
主题词: 港口--儿童读物 , 港口工程
电子资源:
ISBN: 978-7-5304-9739-5
000 00959nam 2200289 450
001 2354982764
005 20231122191521.98
010    @a978-7-5304-9739-5@b精装@dCNY45.00
100    @a20180918d2018 bemy0chiy50 ea
101 0  @achi
102    @aCN@b110000
105    @aa z 000yy
106    @ar
200 1  @a超级港口建成了@f中交三航院著@g张澎绘
210    @a北京@c北京科学技术出版社@d2018.10
215    @a37页@c彩图@d30cm
225 2  @a小贝壳绘本馆
330    @a洋山港是世界上最大的离岸深水港, 近期投入使用洋山四期是世界上最大的自动化码头, 通过介绍洋山港的建设与运行过程, 让孩子们了解港口的修建与运行, 为孩子们带来工程科技知识的启蒙与海洋文化的熏陶, 为中国工程师的智慧留下宝贵纪念。
410  0 @12001 @a小贝壳绘本馆
606 0  @a港口@j儿童读物
606 0  @a港口工程
690    @a@v5
690    @aU658-49@v4
702  0 @a张澎@4绘
711 02 @a中交三航院@4著
801  0 @aCN@b安徽时代出版发行有限公司@c20180918
905    @dU658-49@e1120
    
    超级港口建成了/中交三航院著/张澎绘.-北京:北京科学技术出版社,2018.10
    37页:彩图;30cm.-(小贝壳绘本馆)
    
    
    ISBN 978-7-5304-9739-5(精装):CNY45.00
    洋山港是世界上最大的离岸深水港, 近期投入使用洋山四期是世界上最大的自动化码头, 通过介绍洋山港的建设与运行过程, 让孩子们了解港口的修建与运行, 为孩子们带来工程科技知识的启蒙与海洋文化的熏陶, 为中国工程师的智慧留下宝贵纪念。
●
相关链接 在E读中查询图书 在五车中查询图书 在当当中查询图书 在豆瓣中查询图书


正题名:超级港口建成了     索取号:U658-49/1120         预约/预借

序号 登录号 条形码 馆藏地/架位号 状态 备注
1 1410579   214105797   第二样本阅览室/ [索取号:U658-49/1120] 在馆    
2 1410580   214105804   第三借阅区/ [索取号:U658-49/1120] 在馆    
3 1410581   214105813   第三借阅区/ [索取号:U658-49/1120] 在馆    
4 1410582   214105822   教育系资料室/ [索取号:U658-49/1120] 在馆    
5 1410583   214105831   教育系资料室/ [索取号:U658-49/1120] 在馆    
唐山师范学院图书馆 欢迎您!
大连网信软件有限公司© 版权所有